Metallurgie und Werkstofftechnik. Band 2

Salvato in:
Dettagli Bibliografici
Natura: Libro
Lingua:tedesco
Pubblicazione: Leipzig : VEB Deutscher Verlag für Grundstoffindustrie, 1989
Edizione:2.stark über.Aufl.
Soggetti:
Tags: Aggiungi Tag
Nessun Tag, puoi essere il primo ad aggiungerne!!

MARC

LEADER 00000nam a22000003a 4500
001 stu39261
005 20150408180720.6
008 930115s1989----gw------------------ger-d
040 |a STU  |b slo 
041 0 |a ger 
044 |a gw 
080 |a 669.01 
245 |a Metallurgie und Werkstofftechnik. Band 2 
250 |a 2.stark über.Aufl. 
260 |a Leipzig :  |b VEB Deutscher Verlag für Grundstoffindustrie,  |c 1989 
300 |a 406 s 
650 7 |a metalurgia  |2 stusub 
996 |b 284M062654  |c M*7472/2-1  |l MMKN  |s A  |a 24  |w stu39261_0001